[Event "AUT-chT2M 1314"]
[Site "Austria"]
[Date "2013.10.05"]
[Round "2.6"]
[White "Kubinger, Thomas"]
[Black "Ertl, Johann"]
[Result "1/2-1/2"]
[WhiteElo "2157"]
[BlackElo "2258"]
[PlyCount "63"]
[EventDate "2013.10.04"]
[EventType "team-tourn"]
[EventRounds "11"]
[EventCountry "AUT"]
[SourceTitle "CBM 156 Extra"]
[Source "ChessBase"]
[SourceDate "2013.10.22"]
[SourceVersion "1"]
[SourceVersionDate "2013.10.22"]
[SourceQuality "1"]
[WhiteTeam "Steyregg"]
[BlackTeam "Maria Saal II"]
[WhiteTeamCountry "AUT"]
[BlackTeamCountry "AUT"]

1. d4 g6 2. e4 Bg7 3. Nc3 d6 4. g3 Nd7 5. Bg2 Ngf6 6. Nge2 0-0 7. 0-0 c5 8. h3 a6 9. a4 Qc7 10. Be3 cxd4 11. Bxd4 e5 12. Be3 Nb6 13. b3 Be6 14. Nb1 Nbd7 15. c4 Nc5 16. Nbc3 Rfe8 17. Rb1 Rac8 18. Qd2 Qc6 19. Qc2 Qd7 20. Kh2 Qc7 21. Rfd1 Ncd7 22. Qd2 Bf8 23. Nc1 Be7 24. N1a2 Qa5 25. Bg5 Qc5 26. Nc1 Kg7 27. Bh6+ Kg8 28. Nd3 Qb6 29. Be3 Qa5 30. Nc1 Kg7 31. N1a2 h5 32. Nc1 1/2-1/2

[Event "AUT-chT2M 1213"]
[Site "Austria"]
[Date "2013.03.23"]
[Round "7.5"]
[White "Fahrner, Kurt"]
[Black "Ertl, Johann"]
[Result "1-0"]
[WhiteElo "2378"]
[BlackElo "2287"]
[PlyCount "84"]
[EventDate "2012.10.19"]
[EventType "team-tourn"]
[EventRounds "11"]
[EventCountry "AUT"]
[SourceTitle "EXT 2014"]
[Source "ChessBase"]
[SourceDate "2013.11.20"]
[SourceVersion "1"]
[SourceVersionDate "2013.11.20"]
[SourceQuality "1"]
[WhiteTeam "Graz Austria"]
[BlackTeam "Maria Saal"]
[WhiteTeamCountry "AUT"]
[BlackTeamCountry "AUT"]

1. c4 g6 2. Nc3 Bg7 3. g3 Nc6 4. Bg2 d6 5. Nf3 e5 6. 0-0 Nf6 7. d3 h6 8. Rb1 a5 9. a3 0-0 10. b4 axb4 11. axb4 Re8 12. b5 Nd4 13. Ne1 Rb8 14. e3 Ne6 15. Nc2 Nc5 16. Nb4 Bf5 17. e4 Bd7 18. Be3 Ra8 19. Qc1 Kh7 20. Qb2 Ne6 21. Ra1 Rxa1 22. Rxa1 h5 23. Ra7 Bh6 24. Ncd5 Bxe3 25. fxe3 Nxd5 26. Nxd5 c6 27. bxc6 Bxc6 28. d4 Qg5 29. h4 Qxg3 30. Nf6+ Kh6 31. Qf2 Qxf2+ 32. Kxf2 exd4 33. Nxe8 dxe3+ 34. Kxe3 Bxe8 35. Rxb7 f5 36. exf5 gxf5 37. Rb6 f4+ 38. Kf2 Kg7 39. Rxd6 Nf8 40. c5 Kf7 41. Bc6 Bxc6 42. Rxc6 Ne6 1-0

[Event "Steyr Landesliga 1213"]
[Site "Austria"]
[Date "2012.09.22"]
[Round "1.1"]
[White "Ertl, Johann"]
[Black "Pilaj, Herwig"]
[Result "0-1"]
[WhiteElo "2287"]
[BlackElo "2345"]
[PlyCount "120"]
[EventDate "2012.09.22"]
[EventType "team-tourn"]
[EventRounds "11"]
[EventCountry "AUT"]
[SourceTitle "EXT 2014"]
[Source "ChessBase"]
[SourceDate "2013.11.20"]
[SourceVersion "1"]
[SourceVersionDate "2013.11.20"]
[SourceQuality "1"]
[WhiteTeam "Graz Strassenbahn"]
[BlackTeam "Feldbach Kirchberg"]
[WhiteTeamCountry "AUT"]
[BlackTeamCountry "AUT"]

1. e4 c5 2. Nf3 Nc6 3. d4 cxd4 4. Nxd4 g6 5. Nc3 Bg7 6. Be3 Nf6 7. Bc4 Qa5 8. 0-0 0-0 9. Bb3 d6 10. f3 Bd7 11. Qd2 Rfe8 12. Rad1 Rac8 13. Nxc6 Bxc6 14. Bd4 Nd7 15. Bxg7 Kxg7 16. f4 Qc5+ 17. Kh1 b5 18. a3 a5 19. Rde1 b4 20. axb4 Qxb4 21. e5 dxe5 22. fxe5 e6 23. Rf4 Qe7 24. Ba4 Bxa4 25. Rxa4 Nb6 26. Rf4 Red8 27. Qf2 Nd5 28. Nxd5 Rxd5 29. c4 Rd7 30. Rf1 Rcc7 31. b3 Qc5 32. Qe1 Rb7 33. R4f3 Ra7 34. h3 a4 35. bxa4 Rxa4 36. Rf4 Rxc4 37. Rxc4 Qxc4 38. Qf2 h6 39. Kh2 Qc7 40. Qf6+ Kh7 41. h4 h5 42. Rf2 Kg8 43. Qf4 Rd5 44. Re2 Qa7 45. Rb2 Qd7 46. Ra2 Qc7 47. Ra8+ Kh7 48. Kh3 Rd3+ 49. Kh2 Rd5 50. Kh3 Rd1 51. Rc8 Rh1+ 52. Kg3 Qxc8 53. Qxf7+ Kh6 54. Qf4+ Kg7 55. Qf6+ Kg8 56. Qxg6+ Kf8 57. Qf6+ Ke8 58. Qh8+ Kd7 59. Qh7+ Kd8 60. Qg8+ Kc7 0-1

[Event "AUT-chT2M 1112"]
[Site "Austria"]
[Date "2012.04.28"]
[Round "10.3"]
[White "Ertl, Johann"]
[Black "Webersberger, Johann"]
[Result "1/2-1/2"]
[WhiteElo "2274"]
[BlackElo "2380"]
[PlyCount "131"]
[EventDate "2011.10.21"]
[EventType "team-tourn"]
[EventRounds "11"]
[EventCountry "AUT"]
[SourceTitle "EXT 2013"]
[Source "ChessBase"]
[SourceDate "2012.11.22"]
[SourceVersion "1"]
[SourceVersionDate "2012.11.22"]
[SourceQuality "1"]
[WhiteTeam "Maria Saal"]
[BlackTeam "Steyregg"]
[WhiteTeamCountry "AUT"]
[BlackTeamCountry "AUT"]

1. e4 d6 2. d4 g6 3. Nc3 Bg7 4. Be3 a6 5. Qd2 b5 6. h4 h5 7. Nh3 Bxh3 8. Rxh3 Nf6 9. f3 c6 10. Nd1 Nbd7 11. Bg5 Qc7 12. Ne3 Nh7 13. 0-0-0 e5 14. dxe5 dxe5 15. g4 hxg4 16. Nxg4 Nxg5 17. hxg5 0-0-0 18. Nf2 Nf8 19. Qxd8+ Qxd8 20. Rxd8+ Kxd8 21. Rxh8 Bxh8 22. a4 Ne6 23. axb5 axb5 24. Nh3 Bg7 25. c3 Bf8 26. b4 Be7 27. Kd1 Kc7 28. Bd3 Bxg5 29. Bc2 Be3 30. Ke2 Ba7 31. Kd3 f6 32. Bb3 Kd6 33. Ke2 g5 34. Bc2 Nf8 35. Bb3 Ng6 36. Bf7 Nh4 37. Bh5 Kd7 38. Kd3 c5 39. bxc5 Bxc5 40. Bg4+ Kc6 41. Bh5 Kb6 42. Ke2 Ka5 43. Bf7 Ng2 44. Be8 Ba7 45. Bd7 b4 46. cxb4+ Kxb4 47. Be6 Kc3 48. Bd7 Kc2 49. Ba4+ Kc1 50. Bd7 Kc2 51. Ba4+ Kc3 52. Bd7 Bb6 53. Be8 Ne3 54. Nf2 Nc2 55. Nd1+ Kb4 56. Kd3 Ne1+ 57. Ke2 Ng2 58. Nb2 Nf4+ 59. Kd2 Ba5 60. Bf7 Kc5+ 61. Ke3 Bb6 62. Nd3+ Kd6+ 63. Kd2 Nh3 64. Bh5 Nf4 65. Nxf4 gxf4 66. Ke1 1/2-1/2